| 000 | 00394nam a22001217a 4500 | ||
|---|---|---|---|
| 082 | _a200 THE | ||
| 100 |
_aSara Tehsin _969921 |
||
| 245 | _aTH-SOF-1335-Distortion Invariant Correlation Filters for Enhanced Target Recognition | ||
| 260 |
_aIslamabad _bNUST College of EME _c2017 |
||
| 650 | _a MS-COMPUTER ENGINEERING-81 MSTHESIS | ||
| 700 |
_aSupervisor Dr. Saad Rehman _969890 |
||
| 942 | _cCF | ||
| 999 |
_c577000 _d577000 |
||